<?xml version="1.0" encoding="utf-8"?>
<?xml-stylesheet type='text/xsl' href='./oai2.xsl'?>
<OAI-PMH xmlns="http://www.openarchives.org/OAI/2.0/" xmlns:xsi="http://www.w3.org/2001/XMLSchema-instance" xsi:schemaLocation="http://www.openarchives.org/OAI/2.0/ http://www.openarchives.org/OAI/2.0/OAI-PMH.xsd">
  <responseDate>2026-06-06T07:44:48Z</responseDate>
  <request verb="GetRecord" metadataPrefix="marcxml" identifier="record_kuniweb_164072">https://kulturerbe.niedersachsen.de/oai</request>
  <GetRecord>
    <record>
      <header>
        <identifier>record_kuniweb_164072</identifier>
        <datestamp>2025-08-28T09:38:22Z</datestamp>
        <setSpec>slg0111</setSpec>
      </header>
      <metadata>
        <marc:record xmlns:marc="http://www.loc.gov/MARC21/slim" xsi:schemaLocation="http://www.loc.gov/MARC21/slim http://www.loc.gov/standards/marcxml/schema/MARC21slim.xsd">
          <marc:leader>12345nkm  22     uu 4500</marc:leader>
          <marc:controlfield tag="001">164072</marc:controlfield>
          <marc:controlfield tag="003">http://kuniweb.gbv.de</marc:controlfield>
          <marc:controlfield tag="005">2019-06-16T13:13:36</marc:controlfield>
          <marc:controlfield tag="008">|           ||||||||||||||||||||||</marc:controlfield>
          <marc:datafield tag="245" ind1="1" ind2="0">
            <marc:subfield code="a">Plan zur Anlage einer Gipsfabrik für die Bulgarische 'Granitoid' AG in Sofia, 1922</marc:subfield>
          </marc:datafield>
          <marc:datafield tag="655" ind1=" " ind2="7">
            <marc:subfield code="a">Grafik</marc:subfield>
          </marc:datafield>
          <marc:datafield tag="046" ind1=" " ind2=" ">
            <marc:subfield code="k">1922-03-28</marc:subfield>
            <marc:subfield code="k">28.03.1922</marc:subfield>
          </marc:datafield>
          <marc:datafield tag="260" ind1=" " ind2=" ">
            <marc:subfield code="g">1922-03-28</marc:subfield>
            <marc:subfield code="g">28.03.1922</marc:subfield>
          </marc:datafield>
          <marc:datafield tag="520" ind1=" " ind2=" ">
            <marc:subfield code="a">Zeichnung - schwarz-weiß
Herstellungsort - Königshütte, Bad Lauterberg

Auftraggeber und Standort:
Bulgarische 'Granitoid' AG, Sofia

Information:
Zum Auftrag (Inventarnummer) sind zwei Zeichnungen vorhanden.

Anmerkung zum Unternehmen:
Anmerkung:
Die bulgarische Granitoid ist 1908 von Eduard Naudascher als GmbH gegründet worden. Eduard Naudascher stammte aus Baden-Württemberg und war zuerst bei MAN Brückenbauer für Eisenbahn, später selbständiger Unternehmer für Brückenbau. 1912 wurde die Granitoid GmbH in eine AG umgewandelte und war bis 1944 der größte Industriebetrieb in BG (7.000 Mitarbeiter). Die Granitoid AG war eine AG für elektrische Unternehmungen und war an Kohleminen, Wasserkraftwerken, Zementfabriken und mehr beteiligt. 1947 befanden sich 24 % des Aktienkapitals in Schweizer Besitz.
aus verschiedenen Quellen zusammengestellt






 (Förderkreis Königshütte Bad Lauterberg e.V.)

Maßstab: 1 zu 100</marc:subfield>
          </marc:datafield>
          <marc:datafield tag="650" ind1="1" ind2=" ">
            <marc:subfield code="a">Gipsverarbeitung</marc:subfield>
          </marc:datafield>
          <marc:datafield tag="650" ind1="1" ind2=" ">
            <marc:subfield code="a">Grafik, Fotografie &gt; Zeichnung</marc:subfield>
          </marc:datafield>
          <marc:datafield tag="650" ind1="1" ind2=" ">
            <marc:subfield code="a">Industrie</marc:subfield>
          </marc:datafield>
          <marc:datafield tag="650" ind1="1" ind2=" ">
            <marc:subfield code="a">Sofia (Sofia-Capital, Stolichna Obshtina)</marc:subfield>
          </marc:datafield>
          <marc:datafield tag="773" ind1="0" ind2=" ">
            <marc:subfield code="t">Mühlen-, Gips- und sonstige Anlagen</marc:subfield>
          </marc:datafield>
          <marc:datafield tag="852" ind1=" " ind2=" ">
            <marc:subfield code="a">Industriedenkmal Königshütte Bad Lauterberg im Harz</marc:subfield>
          </marc:datafield>
          <marc:datafield tag="" ind1=" " ind2=" ">
            <marc:subfield code="a">Namensnennung - Nicht kommerziell - Keine Bearbeitungen 4.0 International (CC BY-NC-ND 4.0)</marc:subfield>
          </marc:datafield>
        </marc:record>
      </metadata>
    </record>
  </GetRecord>
</OAI-PMH>
